Balkans countries on a map - Statistics

General Stats
  • This quiz has been taken 85 times
  • The average score is 11 of 13
Answers on the Map
Answers color-coded by a green-red scale on the quiz's map according to % correct below.
 
Answer Stats
Country % Correct
Greece
97%
Bosnia and Herzegovina
92%
Croatia
91%
North Macedonia
91%
Serbia
91%
Bulgaria
89%
Albania
88%
Kosovo
86%
Slovenia
86%
Montenegro
81%
Romania
80%
Turkey
72%
Italy
63%
No matching quizzes found
Score Distribution
Percent of People with Each Score
Percentile by Number Answered
Your Score History
You have not taken this quiz